[Event "Dortmund SuperGM 43rd"]
[Site "Dortmund"]
[Date "2015.07.01"]
[Round "4"]
[White "Hou, Yifan"]
[Black "So, Wesley"]
[Result "1/2-1/2"]
[WhiteElo "2676"]
[BlackElo "2778"]
[Annotator "Meyer,CD"]
[PlyCount "80"]
[EventDate "2015.06.27"]
[EventType "tourn"]
[EventRounds "7"]
[EventCountry "GER"]
[EventCategory "19"]
[SourceTitle "CBM 167"]
[Source "ChessBase"]
[SourceDate "2015.07.13"]
[SourceVersion "1"]
[SourceVersionDate "2015.07.13"]
[SourceQuality "1"]

1. e4 c6 2. d4 d5 3. Nd2 dxe4 4. Nxe4 Bf5 5. Ng3 Bg6 6. h4 h6 7. Nf3 Nd7 8. h5
Bh7 9. Bd3 Bxd3 10. Qxd3 e6 11. Bd2 Ngf6 12. O-O-O Be7 13. Kb1 Qb6 14. Ne4 Rd8
15. c4 O-O 16. Qe2 {Die Dame tritt aus dem verdeckten Visavis des Turms d8, da
der befreiende Hebel ...c6-c5 in der Luft liegt.} ({Der gelegentlich
anzutreffende Vorstoß} 16. g4 $6 {erscheint übermütig zu sein, z.B.} Nxg4 $1
17. Qe2 f5 $1 18. Ng3 c5 19. d5 (19. Rhe1 cxd4 20. Qxe6+ Qxe6 21. Rxe6 Nxf2 22.
Rf1 Ne4 23. Nxe4 fxe4 24. Rxe4 Bf6 $17) 19... exd5 $1 20. Qxe7 Nxf2 21. cxd5 (
21. Bf4 Nxh1 22. Rxh1 dxc4 $17) 21... f4 22. Qe6+ Qxe6 23. dxe6 fxg3 $1 24. e7
g2 25. Rhg1 Nxd1 26. exd8=Q Rxd8 27. Rxg2 Kh7 28. Kc2 Rf8 $17) 16... c5 (16...
Nxe4 17. Qxe4 c5) 17. Bc3 cxd4 ({Guten Ausgleich erhält der solide
Caro-Kann-Verteidiger nach} 17... Nxe4 18. Qxe4 Nf6 19. Qe2 Rfe8 $13 {/=}) 18.
Bxd4 Qc6 (18... Qc7) 19. Nxf6+ Bxf6 20. g4 Bxd4 21. Nxd4 Qc5 22. Nf3 Nf6 (22...
Rfe8 $142 $13 {/=}) 23. Ne5 Rd4 $6 {Ungeduldig strebt Wesley So Vereinfachung
an, indes überlässt er dabei der Gegnerin die d-Linie.} ({Den Vorzug verdiente
} 23... Qb6 {und z.B.} 24. f3 Rxd1+ 25. Rxd1 Rd8) 24. Rxd4 Qxd4 25. Rd1 $14 Qf4
({Alternativen: I} 25... Qe4+ $2 26. Qxe4 Nxe4 27. Rd7 $16 {, z.B.} f6 28. Ng6
Rb8 29. f3 Nc5 30. Rc7 Nd3 31. Re7 a6 (31... e5 $2 32. Rc7 $1 Ne1 33. Nh4 Rd8
34. a3 $18) 32. Rxe6 b5 33. cxb5 Rxb5 34. Kc2 $1 Nb4+ 35. Kb3 Rb7 36. a3 Kf7
37. Rd6 Nd3+ 38. Kc3 Nxb2 39. Rxa6 $18) ({II} 25... Qb6 26. Qe3 $5 (26. Qd2 Ne4
27. Qe3 Qxe3 (27... Rd8 28. Rxd8+ Qxd8 29. Kc2 f5 30. f3 Qd6 31. gxf5 exf5 32.
Qf4 Nf6 33. Qxf5 $14) 28. fxe3 $14) 26... Qxe3 27. fxe3 {, siehe Anmerkung zu
26.Qe3}) 26. Re1 $2 {Weiß gibt die einzig offene Turmlinie auf und verlässt
sich dabei auf eine taktische Riposte. Allerdings hat die Chose ein Loch, das
auch ihr Gegner nicht entdeckt ...} ({Oder: I} 26. f3 $5 $14 {führt mit
Zugumstellung zur Partie}) ({II} 26. Qe3 $5 {Dieser von mir, auch vor Ort
favorisierte, hier prinzipiell wünschenswerte Damentausch kommt trotz
Verschlechterung der Bauernstruktur in Betracht. Die Bauernmajorität am
Damenflügel sowie die Figurenaktiva der Anziehenden sind Garanten für eine
anhaltende Initiative. Dazu ein paar Ansätze:} Qxe3 (26... Qh2 $2 27. a3) 27.
fxe3 Rc8 28. b4 Kf8 29. Kb2 Ke7 $142 (29... b6 $6 30. Kb3 Ke8 31. Rd4 Rc7 32.
b5 $1 g6 $5 (32... Nd7 $2 {Verliert durch Abwicklung in ein Bauernendspiel.}
33. Nxd7 $1 Rxd7 34. Rxd7 Kxd7 35. Kc3 $1 (35. Kb4 $4 g5 $1 36. Kc3 f5 $19)
35... Kd6 36. e4 Kc5 (36... Ke5 37. c5 $1 bxc5 38. a4 $18) 37. a3 Kd6 (37... e5
38. Kd3 Kd6 39. Kc2 Kc5 40. Kc3 Kd6 41. Kb4 Ke6) 38. Kd4 e5+ 39. Kc3 Kc5 (39...
Ke6 40. c5 bxc5 41. a4 Kd6 42. Kc4 $18) 40. Kd3 Kd6 41. Kc2 Kc5 (41... Ke6 42.
c5) 42. Kc3 g5 43. Kd3 Kd6 44. Kc2 Kc7 45. Kc3 Kd7 46. Kb4 Kd6 47. a4 {Plan c5
etc. +-}) 33. a4 $1 (33. hxg6 fxg6 34. a4 (34. Nxg6 Rc5 $1 $132 35. Rf4 Nd7)
34... h5 35. gxh5 gxh5 36. a5 bxa5 37. Ka4 Rc5 $1 $132 {+/=}) 33... gxh5 34.
gxh5 Nd7 (34... Nxh5 35. Nc6 $16) 35. Nxd7 Rxd7 36. Kb4 $1 Rc7 (36... Rxd4 $2
37. exd4 f5 38. c5 $18) 37. a5 $16) 30. Kb3 Rc7 31. c5 $14) 26... Qd4 $2 (26...
Rd8 $1 {war der gegebene Weg zum Ausgleich:} 27. Qe3 {ist jetzt freilich zu
dünn:} (27. Nxf7 $6 {wurde sicherlich von beiden Akteuren angedacht, aber
unpräzise bzw. kaum berechnet - von Wesley So vielleicht getreu dem bekannten
und oft praktiziertem Motto: Traue deinem Gegner und spare dadurch an
Bedenkzeit. Auf den Springereinschlag kann folgen:} Rd7 $1 {Das ist die
ernüchternde Finesse, die nicht nur den Akteuren , sondern auch so manchem
Kiebitz verborgen blieb.} (27... Kxf7 $4 28. Qxe6+ Kf8 29. Qe7+ Kg8 30. Qxd8+
$18) (27... Rd2 $2 28. Qxe6 Kh7 $8 {!} (28... Qd4 $4 29. Ng5+ Kh8 30. Qe8+ Ng8
31. Qxg8+ Kxg8 32. Re8#) 29. Qe3 Qxe3 30. Rxe3 Rxf2 31. Re7 $16) 28. Ne5 (28.
Ne5) 28... Rd2 29. Qe3 Qxf2 30. Qxf2 Rxf2 $13 {/=}) 27... Qxe3 28. Rxe3 Rd4 29.
f3 Nd7 30. Nxd7 Rxd7 31. Kc2 Kf8 $14 {/=}) 27. Rd1 Qf4 {Die wiederholte
Stellung, in der die Anziehende nun versucht, mit ganz ruhigen Mitteln ihren
Gegner einzuschnüren, doch dabei einen raffinierten Konterschlag übersieht.}
28. f3 a6 29. a3 Ra8 $6 {Einer jener mysteriösen Turmzüge. Vermutlich fand So
momentan keine brauchbare Idee.} 30. Rd6 {Das allerdings bringt So auf eine
Idee ...} ({Nur mit großer Sorgfalt und Geduld ist das weiße Stellungsplus -
wenn überhaupt - zu verwerten. Hierzu eine Anregung:} 30. Rd3 $142 Rc8 31. Ka2
Kf8 32. Rd6 Kg8 (32... Ke7 $4 33. Ng6+) (32... Re8 33. c5 $5) 33. c5 Nd5 (33...
Rxc5 $4 34. Rd8+ Kh7 35. Qd3+ Ne4 36. Nd7 $18) (33... Rb8 34. Nc4 $14) 34. Qe4
Qd2 (34... Qxe4 $2 35. fxe4 Nf6 36. b4 Nxe4 37. Rd7 $16) 35. Qd3 Qf4 (35...
Qxd3 $6 36. Nxd3 Rc7 37. Rd8+ Kh7 38. b4) (35... Qa5 $6 {provoziert
hochtaktische Komplikationen:} 36. Qd4 $1 Rxc5 (36... Qxc5 $4 37. Rd8+ Kh7 38.
Qxc5 Rxc5 39. Nd7 $1 $18) (36... Nf6 37. f4 $1 $16 (37. b4)) 37. Nxf7 $3 (37.
b4 $4 Nxb4+ 38. Qxb4 Qxb4 39. axb4 Rxe5 $19) 37... Qc7 $5 (37... Kxf7 $2 38.
Rd7+ Ke8 (38... Ne7 39. Qd6 $18) 39. Qxg7 Nb4+ 40. Kb3 $18) 38. Qe4 $1 Nc3+ 39.
bxc3 Kxf7 40. Qxe6+ Kf8 41. Kb2 Qa5 42. Rd3 $16) 36. Qe2 Qa4 37. Qe4 $14) 30...
Re8 $5 31. Ka2 $2 {Frau Hou tappt in die Falle.} (31. Rb6 $14) (31. Rd3 $14)
31... Nxg4 $1 {Ein Scheinopfer als gekonnte Riposte.} 32. fxg4 f6 {Und
aufgrund der Fesselung gewinnt Schwarz das geopferte Material bei etwa
gleichen Chancen zurück.} 33. Rd7 fxe5 34. Rxb7 Qd4 $6 {Ein relativ rasch
ausgeführter, indes ungenauer Zug.} (34... Rc8 $142 $1 $13 {/=}) 35. g5 $6 {
Bei nahender Zeitkontrolle revanchiert sich die Chinesin und forciert mittels
zweier Bauernopfer und Offenlegung der schwarzen Königsstellung ein Remis
durch feindliches Dauerschach.} ({Einige Probleme hätte dagegen noch die
kaltblütige Fortsetzung} 35. Qc2 $1 {- zumal bei der beiderseits knappen
Restbedenkzeit - aufgeworfen. Man sehe:} e4 $5 (35... Rc8 $5 36. g5 Kf8 $1 {
und allem Anschein nach vermag Schwarz sich zu behaupten:} (36... hxg5 $2 37.
h6 e4 (37... Qxc4+ 38. Qxc4 Rxc4 39. Rxg7+ Kh8 40. Rxg5 $16) 38. Rxg7+ Kh8 39.
Rxg5 Qxc4+ 40. Qxc4 Rxc4 41. Re5 Rc6 42. Rxe4 Kh7 43. Rh4 $16) (36... Qxc4+ $4
37. Qxc4 Rxc4 38. g6 $1) 37. gxh6 (37. g6 Rxc4 38. Qg2 Qd5 $8 {!} 39. Rf7+ Ke8
$8 40. Qxd5 exd5 41. Rxg7 Rg4 $1 42. Ra7 (42. Rh7 e4 $11) (42. Kb3 Rg3+ 43. Kb4
(43. Kc2 e4 $11) 43... e4 $11) 42... e4 43. Rxa6 d4 44. Kb3 Ke7 $11) 37... gxh6
38. Rb4 a5 39. Rb5 e4 40. Rxa5 Qxc4+ 41. Qxc4 Rxc4 $13 {/=}) (35... Qxg4 $2 36.
c5 Qd4 37. c6 Qd5+ 38. Kb1 Rf8 (38... Qh1+ 39. Qc1 Qxc1+ 40. Kxc1 Rc8 41. Rb6
$16) 39. Qc1 Qd3+ 40. Ka2 Qd5+ (40... Rf1 $2 41. Qc5 Qb1+ 42. Kb3 $18) 41. Ka1
Rc8 42. Qg1 g5 43. Qf1 Rf8 44. Qxa6 $16) 36. Qa4 $1 Rc8 37. Rb4 (37. Qxa6 Qxc4+
38. Qxc4 Rxc4 39. Re7 (39. Rb3 Kf7) 39... Rc6 40. Rd7 Rc4 41. Kb3 e3 $13 {/=})
37... Qd6 38. Rb3 e5 39. Rc3 Kh8 40. Qc2 Qd4 41. Qc1 e3 $5 42. Qxe3 Rxc4 43.
Qxd4 Rxd4 $13 {/=}) 35... hxg5 $8 36. h6 gxh6 ({Schwarz hat keine Wahl. Falls} 
36... Rc8 $4 {, so folgt} 37. Rxg7+ Kh8 38. Rxg5 $18) 37. Qh5 Qxc4+ 38. Ka1 $8
({Bloß nicht: I} 38. Kb1 $4 Qe4+ 39. Ka1 (39. Ka2 Rf8 $1 (39... Qxb7 $1 40.
Qxe8+ Kg7 $19) 40. Rb3 (40. Rd7 Qc4+ 41. Ka1 Rf1+ 42. Rd1 Kg7 $19) 40... Kg7
$19) 39... Rf8 $1 40. Rd7 Rf1+ 41. Rd1 Rxd1+ 42. Qxd1 Qd5 $19) ({II} 38. b3 $4
Qc2+ 39. Ka1 Rf8 $19) 38... Qc1+ $11 39. Ka2 Qc4+ 40. Ka1 Qc1+ 1/2-1/2

[Event "EU-chT 22nd"]
[Site "Batumi"]
[Date "2019.10.30"]
[Round "6.1"]
[White "Jobava, Baadur"]
[Black "Navara, David"]
[Result "0-1"]
[WhiteElo "2617"]
[BlackElo "2717"]
[Annotator "Navara,D"]
[PlyCount "120"]
[EventDate "2019.10.24"]
[EventType "team-swiss"]
[EventRounds "9"]
[EventCountry "GEO"]
[SourceTitle "CBM 193"]
[Source "ChessBase"]
[SourceDate "2019.12.31"]
[SourceVersion "1"]
[SourceVersionDate "2019.12.31"]
[SourceQuality "1"]
[WhiteTeam "Georgia"]
[BlackTeam "Czech Republic"]
[WhiteTeamCountry "GEO"]
[BlackTeamCountry "CZE"]

{This game was played after the rest day. Baadur is a very strong and
extremely creative player. It seems to me that he completely lacks fear. This
enables him to play fascinating games, but it also has its drawbacks, as the
current encounter shows.} 1. e4 c6 2. d4 d5 3. Nd2 dxe4 4. Nxe4 Bf5 5. Ng3 Bg6
6. Nf3 Nd7 7. h4 h6 8. h5 Bh7 9. Bd3 Bxd3 10. Qxd3 e6 11. Bd2 Ngf6 12. O-O-O
Be7 13. Kb1 O-O 14. Qe2 {I was unpleasantly surprised by Baadur choosing such
a normal line. Not having played it for quite a long, I spent 22 minutes to
recall what to do there.} Qb6 ({The famous game Jobava - Bareev, European Club
Cup 2003, saw} 14... c5 $6 15. d5 $1 exd5 $2 (15... Nxd5 16. Ne4 {with
subsequent} Z0 17. g4 {gives White a dangerous attack.}) 16. Bxh6 $1 gxh6 17.
Nf5 Re8 18. Nxh6+ Kf8 19. Ng5 $6 {with a strong attack, which eventually broke
through in a brilliant game. Even stronger was} (19. Qd2 $3 {, as mentioned by
GM Lukács is his annotations to the game.} {The key line goes} Ng8 20. Nxf7 $1
Kxf7 21. h6 $1 Ngf6 22. Ng5+ {with a decisive attack. I belong to the
generation which still recalls Baadur's famous wins in topical lines, Jobava -
Grischuk from the Olympiad 2004 being another remarkable example.})) 15. Ne5
Rfd8 {I wanted to rule out 16.Ng6.} 16. Nc4 {This can hardly be the critical
continuation, but it makes sense.} (16. Bc1 $11) ({After} 16. Ng6 $6 Bd6 (16...
Bb4 $5) {, White has nothing better than} 17. Ne5 {.}) 16... Qb5 {The queen
could have retreated to a6 or c7 as well.} 17. Na5 Qb6 {It would not be so
easy to protect the b7-pawn after the queen exchange.} 18. Qf3 ({Would I
repeat the moves after} 18. Nc4 {? I do not know.} {If anyone is better after}
Qc7 $5 ({or} 18... Qa6 19. Na5 b5 {, it is Black.})) 18... Qxd4 $6 {The
following sequence was based on a fairly banal miscalculation on my part.} (
18... Bb4 19. Bxb4 Qxb4 20. Nb3 a5 $36 {looks logical and good. Besides, Black
also had other decent options.}) 19. Nxb7 Rdb8 ({Starting with} 19... Ne5 {
was also an option.}) 20. Bc3 Qb6 ({Black could again play} 20... Ne5 $1 21.
Qe2 (21. Bxd4 Nxf3 22. gxf3 Rxb7 $13) 21... Qc4 {with approximate equality.})
21. Nd6 Bxd6 $2 {It is not nice to miss that the c6-pawn is hanging, but that
actually happened to me.} ({Black should play} 21... Nc5 {.} {I was
understandably afraid of} 22. Ngf5 $5 ({White can fight for a slight advantage
with} 22. b3 {, e.g.} a5 23. Nge4 $1 Ncxe4 24. Nxe4 Nxe4 25. Qxe4 a4 ({The
a5-pawn might become vulnerable after} 25... Rd8 26. a4 $5 $14 {.}) 26. Qd4 $1
$14) 22... exf5 23. Nxf5 {, but Black maintains the balance through} Rb7 24.
Rhe1 (24. Qg3 $2 Bf8 25. Bxf6 Ne4 $1 26. Nxh6+ Kh8 {is bad for White.}) 24...
Ne6 25. Nxe7+ Rxe7 26. Bxf6 gxf6 27. Qxf6 $13 {.}) 22. Rxd6 Qc5 23. Rxc6 ({
I stopped my calculations after} 23. Rhd1 $5 Ne5 24. Ne4 $1 Qxd6 $6 (24... Nxe4
25. Qxe4 {is also bad for Black, as} Qxc3 {fails to} 26. Rd8+ $1 Rxd8 27. Rxd8+
Rxd8 28. bxc3) 25. Nxf6+ Kh8 {, but White is close to winning after} 26. Qe2 $1
Qxd1+ 27. Qxd1 gxf6 28. Bxe5 fxe5 29. Qf3 $18 {, as Black's pawns are too weak
and his king remains exposed.}) 23... Qb5 24. Ne4 Nd5 (24... Qxc6 $4 {loses
the queen to} 25. Nxf6+) 25. Nd6 Nxc3+ 26. Qxc3 Qd5 27. Qf3 Qd4 $6 {This does
not work, but} (27... Qxf3 28. gxf3 $16 {was just bad for Black.}) 28. c3 $2 {
Baadur played this move and the next two rather quickly. He must have missed
something, believing the game to be over. I played even quicker, as there was
not much to be lost after my previous blunder.} (28. Qxf7+ $1 Kh8 29. b3 $1 (
29. c3 $2 Qd2 30. Nc4 Rxb2+ $1 31. Nxb2 Rb8 32. Rc8+ Rxc8 33. Rd1 Qxc3 34. Qxd7
Qc2+ 35. Ka1 Qc1+ $1 36. Rxc1 Rxc1# {was my idea.}) 29... Ne5 30. Qxe6 Nxc6 31.
Nf7+ Kh7 32. Qg6+ $1 {was the detail which I missed.} Kg8 33. Nxh6+ Kh8 34.
Nf7+ Kg8 35. h6 $18) (28. b3 $4 Ne5 $19) 28... Qd2 29. Nc4 $1 Rxb2+ $1 30. Nxb2
Ne5 $1 (30... Rb8 $2 31. Rc8+ $1 Rxc8 32. Rd1 $1 $18 {would be an important
difference compared to 28.Qxf7+. But there are actually more differences and
only this favours White.}) 31. Qd1 (31. Rd1 $1 Nxf3 32. Rxd2 Nxd2+ 33. Kc2 Ne4
34. Nd3 Nf6 $16 {is similar to the position after the 35th move, but White's
pieces are slightly better placed and Black has no improvements on move 35.}) (
31. Qe4 $2 Nxc6 32. Rd1 Qxf2 $1 33. Qxc6 Rb8 {is even winning for Black!})
31... Qxd1+ 32. Rxd1 Nxc6 $14 {Black has luckily avoided the worst. White is
still somewhat better do to his passed pawn and more active pieces. The score
was 0.5-0.5 and Viktor Laznicka was pressing against Ivan Cheparinov, while
our third board Thai Dai Van Nguyen was defending a slightly worse endgame.}
33. Rd7 Ne5 34. Rb7 Ng4 35. Nd3 Nf6 $6 {I went after the material as usually.
It seems that Black should have played for e6-e5 instead, possibly starting
with} ({After some time the engine asmFish shows that} 35... e5 $1 36. f3 Ne3
37. Nxe5 Nxg2 {enables Black to hold, as he threatens 38...Nf4 and can meet}
38. c4 {with} Rc8 $1 39. Rxa7 Ne3 {.}) ({Even} 35... a6 {, liberating the rook,
was a decent option. That said, it is hard to defend such fishy positions.})
36. Kc2 ({Black would be doing well after} 36. Ne5 $2 Nxh5 37. Rxf7 $6 Rb8+ $1
38. Kc2 Rb5 {, when} 39. Nc4 $1 Kxf7 40. Nd6+ {is already to only way to
maintain the balance.}) 36... Nxh5 37. c4 Nf6 38. c5 ({I was more afraid of} 
38. f3 $1 $16 {, when it is not easy to come up with a useful move.}) 38... Rc8
$1 {The c-pawn is stronger than I had thought. I originally wanted to stop it
by putting my knight on d5, but White then improves his king with very good
winning chances, as Black's counterplay on the kingside would be too slow.} 39.
Kb3 {The king could also go to c3, but allowing the check on d5 or even motifs
like 39...Rc7 40.Rxc7 Nd5+ does not feel right.} (39. Rxa7 $2 e5 $1 (39... Ne4
$2 40. Ra4 Nxc5 41. Rc4 Ra8 42. Rxc5 Rxa2+ $16) 40. f3 e4 41. fxe4 Nxe4 42. Ra4
Nxc5 $5 (42... f5) 43. Rc4 Ra8 44. Rxc5 Rxa2+ 45. Nb2 $11 {should be safe for
Black.}) 39... Ne4 $1 40. Kb4 Rd8 $1 (40... a5+ $2 41. Kb5 Nc3+ 42. Kc4 Nxa2 $6
43. Rb2 Nb4 44. Nxb4 axb4 45. Kb5 $5 Kf8 46. c6 Ke7 47. Kb6 {is winning for
White.}) 41. f3 $1 Rd4+ {The rook endgames are lost, as White's c-pawn is very
strong.} 42. Ka5 Nc3 {Threatening mate in one.} 43. Nb4 Rc4 44. Rb8+ ({I was
more afraid of} 44. Rc7 $1 {, when White is not obliged to play Rc8+. After
c5-c6 the rook can move along the 7th rank. Black holds after} g5 45. c6 Kg7
46. a3 (46. Rxa7 Nxa2 $1 47. Nxa2 Rxc6) 46... Rc5+ $1 47. Ka6 Nb5 48. Rd7 Nxa3
49. c7 Nb5 50. c8=Q Rxc8 51. Kxb5 {, but there are some pitfalls which he
needs to avoid. White can take on a7 instead of collecting the knight, for
example.}) (44. c6 $2 Rc5+ $1 45. Ka6 Nxa2 $1 46. Nxa2 Rxc6+ {with 47...Rc2 to
follow would already be more pleasant for Black.}) 44... Kh7 45. Rc8 e5 46. c6
f5 47. a3 e4 48. Re8 ({White could force a draw with} 48. fxe4 fxe4 49. Re8 Kg6
50. Ka6 Kf7 $1 51. Re5 Kf6 52. Re8 $11 {, but he was understandably not
interested. I do not remember when exactly Ivan Cheparinov (playing for
Georgia) saved a difficult position on the next board, but the value of our
game on the final match result was steadily growing.}) 48... exf3 {This was a
bit risky.} (48... Kg6 49. Ka6 Kf7 50. Re5 Kf6 51. f4 (51. Re8 $11) 51... g5
52. g3 $6 h5 53. Re8 h4 54. fxg5+ {looked good to me, but I was not completely
sure. I admittedly missed} Kf7 $1 55. Re5 hxg3 56. Rxf5+ Kg6 57. Rf1 Ne2 $1 {
, when White will make a draw by a single tempo.}) 49. gxf3 h5 50. Ka6 h4 51.
Re5 $1 ({My idea consisted in} 51. Re1 g5 52. Re7+ Kg8 {, when the connected
passed kingside pawns would be dangerous for White.} ({I saw} 52... Kg6 53. c7
h3 $2 54. Re6+ $1 {with subsequent 55.Rc6/Nc6, but spotted this motif a bit
later than I should have done.})) ({I saw that} 51. f4 $2 Ne4 $1 52. Rd8 h3 $2
(52... Rc1 $1 53. Kb7 Nc5+ 54. Kxa7 Ne6 $1 {is already dangerous for White.})
53. Rd1 Nf2 54. Rf1 h2 {was safe enough for Black.}) 51... g6 {The match score
had changed to 1,5-1,5 around this moment.} ({I was reluctant to impede my
g-pawn by playing} 51... Kg6 {.}) ({That said,} 51... h3 52. Rxf5 Kg6 53. Rf8
Kh7 54. Rf5 {would lead to a draw. I saw something similar, but was not
completely sure about the correctness of my calculations and also became a bit
ambitious by this moment. (By the way, I had 4 minutes left here, compared to
Baadur's 20. And the 30-second increments, of course.)}) 52. Kb7 $6 (52. f4 Ne4
53. Re7+ Kh6 {could result in a move repetition after} 54. Re8 Kg7 55. Re7+ Kh6
{.}) 52... h3 53. Nd3 ({I wanted to meet} 53. c7 $2 {with} h2 $2 {, when} ({
Black is actually winning after} 53... Nb5 $3 54. Rxb5 ({Black's pawns are too
quick after} 54. Nd5 Nxc7 55. Nxc7 Rh4 56. Re1 g5 $19 {as well.}) 54... Rxc7+
$1 55. Kxc7 h2 {.}) 54. Nc6 $1 Rxc6 (54... h1=Q 55. c8=Q Qb1+ $2 56. Ka8 $1 Na4
57. Qf8 Nb6+ 58. Kxa7 $18 Ra4+ 59. Na5 {is a nice line which I did not see at
all.}) 55. Kxc6 h1=Q 56. c8=Q Qxf3+ {leads to dynamic balance.}) 53... h2 54.
Nf2 (54. Re7+ Kh6 55. Re8 Kg7 56. Re7+ $11) 54... Na4 $1 {Here I had 3 minutes
left, compared to White's 7. It is remarkable that in this game I made most of
my mistakes after longer thinks, whereas my quick decisions were mostly sound.}
({My other idea was} 54... a6 $6 55. c7 $2 (55. Re1 $13) 55... Nb5 {, but
putting the knight on a4 prevents the c6-c7 advance without losing time on
preparatory moves.}) 55. c7 $2 {White falls into the trap.} ({I had no idea
how to evaluate the position after} 55. Re1 $1 {. My engine slightly prefers
Black and after more time finds the position equal, but with time running away
and a plenty of opportunities to err, this does not matter much.}) 55... Nc5+ {
Here Baadur sank into thought, but it was already too late. Black is suddenly
winning!} 56. Kxa7 ({Black's king catches the knight after} 56. Rxc5 Rxc5 57.
c8=Q Rxc8 58. Kxc8 Kh6 $1 59. f4 Kh5 $19 {.}) 56... Ne6 $3 {Now White's passed
pawn falls with tempo, and with it the whole position collapses.} (56... Nd3 $2
{gives White a tempo to escape:} 57. Re7+ Kh6 58. Nh1) 57. Kb6 Rxc7 58. Re1 ({
White is also too slow after} 58. Rxe6 Rc2 59. Nh1 Rc1 60. Re2 (60. Nf2 Rf1 61.
Re2 Rxf2 $19) 60... Rxh1 61. Rb2 g5 62. a4 g4 $19 {.}) 58... Rc2 59. Nh3 Rb2+ {
I wanted to prevent the a-pawn from advancing, just in case.} 60. Ka5 (60. Kc6
Nd4+ 61. Kd5 Nxf3 $19) 60... g5 {This game helped us to win the match with a
score 2,5-1,5. I admittedly could have lost it after the misplayed opening,
but winning it required a lot of tenacity and resourcefulness on my part.} 0-1